Les États-Unis avec le plus de Parcs Nationaux - Statistiques

Statistiques générales
  • Ce quiz a été pris 30 fois
  • Le résultat moyen est 5 sur 7
Statistiques - réponses
# État % Correct
9 Californie
93%
3 Arizona
74%
3 Floride
74%
4 Colorado
70%
5 Utah
67%
3 Washington
59%
8 Alaska
56%
Aucun quiz correspondant
Distribution des résultats
% des personnes avec chaque résultat
Percentile par nombre de réponses
Votre historique - résultats
Vous n’avez pas pris ce quiz